00614nam a2200217 a 4500001001000000003000500010005001700015008004100032010001100073011001100084020001800095040000900113082002100122100002500143245011300168250001000281260004600291300001700337650002100354700002100375000107729CHAP20220329143941.0131025s2007 enk |r| |||1|||eng d a104191 a105163 a9780521842105 cCHAP04a660.62bG55 20071 aGlazer, Alexander N.10aMirobial biotechnology :bFundamentals of applied microbiology /cpor Alexander N. Glazer y Hiroshi Nikaido. a2 ed. aCambridge :bCambridge University,c2007. axvii, 554 p.14aMicrobiología.1 aNikaido, Hiroshi